000 00664nam a2200181Ia 4500
008 100920s9999 xx 000 0 und d
082 _b83597
_a24 न 03
100 _aउपेन्द्र मदनमोहन.
245 _aजब कुत्ता भी स्वर्ग गया.
260 _bजान्हवी प्रकाशन, दिल्ली.
_c2003
300 _a24
_bसाधी
365 _b30
520 _aसायो.
630 _aजब कुत्ता भी स्वर्ग गया.
650 _aसायो.
730 _aजब कुत्ता भी स्वर्ग गया.
942 _cBOOK
999 _c724213
_d724210